000
00307nam a2200121Ia 4500
008
230907s9999||||xx |||||||||||||| ||und||
082
_a
813.54
_b
CHI
100
_a
Child, Lee,
_9
22660
245
4
_a
The midnight line :
300
_a
368 pages ;
650
_a
Fiction. English Literature
_9
10267
942
_c
BK
999
_c
599799
_d
599799